00533nam a2200217Ia 4500003000400000005001700004006001900021007000300040008004100043020001800084024001100102037001200113040002000125041001300145082001600158100002000174245004600194260005200240300001500292650000800307OSt20221006144707.0a|||||r|||| 00| 0 ta221006b |||||||| |||| 00| 0 eng d c£2.80 (each) a12,393 cTextual aEASLcEASLbeng 2engaeng aV41.N66, K7 aBARNETT A. Doak 0aChina after Maob With selected documents aPrincetonbPrinceton University Press c1967 a287p.ccm. aCEL